Tradition Witnessing the Modern Age: An Analysis of the Gulen Movement (Record no. 320453)
[ view plain ]
| 000 -LEADER | |
|---|---|
| fixed length control field | 00482 a2200145 4500 |
| 001 - CONTROL NUMBER | |
| control field | 85380 |
| 020 ## - INTERNATIONAL STANDARD BOOK NUMBER | |
| International Standard Book Number | 9781597841283 |
| 082 ## - DEWEY DECIMAL CLASSIFICATION NUMBER | |
| Classification number | 297.092 GUL |
| 090 ## - LOCALLY ASSIGNED LC-TYPE CALL NUMBER (OCLC); LOCAL CALL NUMBER (RLIN) | |
| -- | 40107 |
| -- | 40106 |
| 100 ## - MAIN ENTRY--PERSONAL NAME | |
| Personal name | Mehmet Enes Ergene |
| 245 ## - TITLE STATEMENT | |
| Title | Tradition Witnessing the Modern Age: An Analysis of the Gulen Movement |
| 260 ## - PUBLICATION, DISTRIBUTION, ETC. | |
| Place of publication, distribution, etc. | New Jersey |
| Name of publisher, distributor, etc. | tUGHRA bOOKS |
| Date of publication, distribution, etc. | 2011 |
| 300 ## - PHYSICAL DESCRIPTION | |
| Extent | XV 208 |
| 740 ## - ADDED ENTRY--UNCONTROLLED RELATED/ANALYTICAL TITLE | |
| Uncontrolled related/analytical title | gulan, fateh ullah; islam and politics-turkey; islam-essence, genius, nature |
| Medium | islamic religious education |
| 942 ## - ADDED ENTRY ELEMENTS (KOHA) | |
| Institution code [OBSOLETE] | caenust |
| Call number prefix | 297.092 GUL |
| Withdrawn status | Lost status | Damaged status | Not for loan | Collection code | Permanent Location | Current Location | Date acquired | Total Checkouts | Full call number | Barcode | Date last seen | Price effective from | Koha item type |
|---|---|---|---|---|---|---|---|---|---|---|---|---|---|
| College of Aeronautical Engineering (CAE) | College of Aeronautical Engineering (CAE) | 04/03/2017 | 297.092 GUL | CAEG-9562 | 04/05/2017 | 04/05/2017 | Book |
